A Bar Song (Tipsy) - Shaboozey - Statistics

General Stats
  • This quiz has been taken 92 times
    14 since last reset
  • The average score is 233 of 398
Answer Stats
% Correct
a
100%
I
92%
go
83%
go)
83%
My
83%
my
83%
my,
83%
so
83%
the
83%
and
75%
bar
75%
(bar
75%
me
75%
me)
75%
on
75%
on)
75%
three
75%
to
75%
two
75%
Two
75%
baby
67%
(come
67%
four
67%
One,
67%
problems,
67%
take
67%
tipsy
67%
tipsy)
67%
when
67%
When
67%
can't
58%
do
58%
double
58%
(double
58%
Everybody
58%
good
58%
got
58%
hard?
58%
here
58%
Lord
58%
Lord)
58%
near
58%
need
58%
of
58%
Oh
58%
(oh,
58%
shot
58%
whiskey
58%
whiskey)
58%
work
58%
5
50%
9
50%
ain't
50%
another
50%
at
50%
(at
50%
At
50%
'bout
50%
bring
50%
comes
50%
dancefloor
50%
Daniels
50%
don't
50%
downtown
50%
Fifth
50%
Gasoline
50%
gettin'
50%
gon'
50%
gone,
50%
hell
50%
history
50%
I'm
50%
Jack
50%
party
50%
pour
50%
round,
50%
some
50%
Street
50%
There's
50%
They
50%
they
50%
(they
50%
want
50%
we
50%
(we
50%
why
50%
workin',
50%
worry
50%
your
50%
10
42%
again
42%
all
42%
been
42%
bottle
42%
but
42%
door
42%
drunk
42%
'em
42%
for
42%
forget
42%
girl
42%
goes
42%
it's
42%
It's
42%
I've
42%
kind
42%
know
42%
ladies
42%
late
42%
left,
42%
let's
42%
list
42%
long
42%
ma
42%
more
42%
night
42%
she
42%
she's
42%
since
42%
Someone
42%
steppin'
42%
table,
42%
Tell
42%
tellin'
42%
This
42%
this
42%
AM,
33%
Birkin,
33%
Boozey
33%
bottom
33%
changin'
33%
friend
33%
groceries,
33%
kick
33%
out
33%
shit
33%
up
33%
call
25%
check
25%
last
25%
miss
25%
plenty
25%
us
25%
Woke
25%
back)
17%
(ooh)
8%
way
8%
(way
8%
(okay,
0%
uh
0%
No matching quizzes found
Score Distribution
Percent of People with Each Score
Percentile by Number Answered
Your Score History
You have not taken this quiz since the last reset